000 00640nam a22002057a 4500
005 20170623144444.0
010 _aENG-118915
020 _a9788123017624
_c175.00
035 _aEN-102447
037 _bDBAD/PUB
082 _a320.8
245 _aLocal governance:
_bAg global perspective /
_cedited by B.S. Baviskar [and] Ash Narain Roy
260 _aNew Delhi
_bPublication Division
_c2012
270 _aSoochna Bhawan, CGO Complex, Lodhi Road New Delhi-110003
300 _a193p
_c23cm.(pbk)
500 _aIncludes Index
700 _aBaviskar, B.S.
700 _aRoy, Ash Narain
942 _2ddc
_cEN
_h320.8
_mLOC
999 _c141964
_d141964